000 00639nam a2200229 i 4500
001 bg
003 BPK
005 20191002090801.0
008 s1990 uk a f |000 0 pol d
020 _a9780582749238
040 _cBPK
080 _a811.111
080 _a(07)
100 1 _aLaird, Elizabet
245 0 _aFaces of the USA /
_cElizabeth Laird.
260 _aHarlow :
_bLongman ;
_c1990.
300 _a80 s. :
_bil. ;
_c24 cm.
650 4 _aJęzyk angielski
655 4 _aPodręcznik
942 _cKS
_2UKD
856 _uhttp://koha.tu.koszalin.pl/cgi-bin/koha/opac-detail.pl?biblionumber=4229
_yKatalog online BPK
999 _c4229
_d4229